Jonáš Bohumil Guoth (1811-1888)

Bibliographic Details
Main Author: Čierny, Gustáv, 1924-2012 (Author)
Format: Article
Language:Slovak
PhysicalDescription:Fot. 1., lit. 1 zázn. v slov.
Subjects:

MARC

LEADER 00000nab a2200000 a 4500
001 vtls000377769
003 SK-MaSNL
005 20260302223746.0
008 040806c1989 xo 0 slo
015 |a SNBRA19rr/mm-uuuuu 
035 |a CL0377891 
040 |a SNKBUCL  |b slo  |c SNKBUCL  |e AACR2 
041 0 |a slo 
044 |a xo  |c SK 
080 |a 61-051  |2 1981 
080 |a 930.85(437.6)908.437.647  |2 1981 
080 |a 929 Guoth, Jonáš Bohumil  |2 1981 
100 1 |a Čierny, Gustáv,  |d 1924-2012  |4 aut  |9 172524 
245 1 0 |a Jonáš Bohumil Guoth (1811-1888)  |c Gustáv Čierny 
300 |b Fot. 1., lit. 1 zázn. v slov. 
600 1 7 |a Guoth, Jonáš Bohumil,  |d 1811-1888  |2 snkbucl  |9 9645 
655 7 |a profily  |2 snkbucl  |9 341977 
655 7 |a články zo zborníkov  |2 snkbucl  |9 166140 
773 0 |t Liptov 10  |d Martin : Osveta ; Ružomberok : Liptovské múzeum, 1989  |g S. 9-10 
850 |a Slovenská národná knižnica v Martine  |a MTA001 
852 |a SNK  |b KIS3GCP 
958 |a BX 
999 |c 1521714  |d 1523644